000 00618nam a2200229Ia 4500
003 OSt
005 20220918225337.0
006 a|||||r|||| 00| 0
007 ta
008 220917b |||||||| |||| 00| 0 eng d
024 _a240,091
037 _cTextual
040 _aARTS
_cARTS
_beng
041 _2eng
_aeng
082 _aW:915:Z1, K8;1
100 _aFalk Richard A
245 0 _aLegal order in a violent world
260 _aNew Jersey
_bPrinceton University Press
_c1968
650 _aPOLITICAL SCIENCE
942 _hW:915:Z1, K8;1
_cTEXL
_2CC
999 _c284386
_d284386